000
00334nam a22001457a 4500
003
OSt
005
20260418161954.0
008
260418b |||||||| |||| 00| 0 eng d
020
_a
-
040
_c
ALUPE UNIVERSITY
050
_a
ML128
_b
.M87 1949
245
_a
A Dictionary of MUSICAL THEMES
260
_c
c1949.
942
_2
lcc
_c
REF
_n
CM
999
_c
6055
_d
6055